000 00882nam a22002417a 4500
005 20221222161342.0
008 221222b ||||| |||| 00| 0 eng d
020 _a0671712837
040 _cAL
041 _aEnglish
082 _223
_a158.1
_bCOVF
100 _aStephen R. Covey and others
_967656
245 _aFirst Things First: To Live To Love To Learn To Leave a Legacy
260 _aNew York
_bSimon and Schuster
_c1994
300 _a360 p.
_bPB
_c21x13 cm.
520 _aDon't just manage your time and your life; give it meaning and purpose--this book provides you with the tools to commit to a full and satisfying life--whatever it turns out to be.
650 _aConduct of life
_967657
650 _aTime management
_967658
700 _aCOVEY (Stephen R)
_967659
700 _aMERRILL (A Roger)
_967660
700 _aMERRILL (Rebecca)
_967661
942 _2ddc
_cDB
999 _c226070
_d226070